LDR 01036naa#a2200169#i#450# 001 RU\\bibl\20110 005 20260701044715.3 100 ## _a20260630b2026####ek#y0rusy0150####ca 102 ## _aRU 200 1# _aТРАНСФОРМАЦИЯ ПАССИВНОГО ОСМОТРА В ИНТЕРАКТИВНЫЙ КВЕСТ: ПРОЕКТИРОВАНИЕ ИГРОВОЙ ЭКОСИСТЕМЫ МУЗЕЯ НА ОСНОВЕ ГИБРИДНОЙ ПЛАТФОРМЫ _eСтатья/тезисы конференции 210 1# _aВоронеж _cВоронежский государственный лесотехнический университет имени Г.Ф. Морозова _d2026 215 ## _a5 с. 608 ## _aСтатья/тезисы конференции _2local 675 ## _aИнформационные технологии. Компьютерные технологии. Теория вычислительных машин и систем. 004 _z 700 #1 _aВрагов _gС. А. 700 #1 _aСтупниченко _gМ. С. 856 4# _abibl.vgltu.ru _u